000
00332nam a2200133Ia 4500
008
210312s9999||||xx |||||||||||||| ||und||
041
_a
osm
050
_a
DR576
050
_b
S25.T37
100
_a
Ahmed Saib
245
0
_a
Tarih-i Sultan Murad-ı Hamis
260
_c
1322
650
_a
Tarih--Türkiye--Osmanlı devleti--19. yüzyıl
999
_c
22221
_d
22221